000 00535nam a2200181Ia 4500
005 20250508155422.0
008 008 250505s9999 xx 000 0 eng d
037 _aBooks to be hide in OPAC
040 _aFEDL
_beng
_cFEDL
041 _aeng
_2eng
084 _a370.954 15, TRI/O
_qFEDL
245 0 _aSidelights on education in Tripura. Part 1
260 _aTripura, India
_bEducation directorate
_c1958
300 _a71p.
546 _aWeeded out
942 _cHB
_h370.954 15, TRI/O
999 _c1356681
_d1356681